Every passenger aircraft made by Ilyushin - Statistics

General Stats
  • This quiz has been taken 3 times
  • The average score is 4 of 6
Answer Stats
Year of production Answer % Correct
1963-1995 IL-62
100%
1950-1960 IL-14
67%
1946, 1957-1985 IL-18
67%
1976-1991 IL-86
67%
1992-present IL-96
67%
1992-2012, 2016-present IL-114
0%
No matching quizzes found
Score Distribution
Percent of People with Each Score
Percentile by Number Answered
Your Score History
You have not taken this quiz